000 00465nam a2200181Ia 4500
005 20240823041956.0
008 240823s9999||||xx |||||||||||||| ||und||
020 _a978-81-8472-196-6
041 _aENGLISH
082 _A420 Q2
100 _aIlankumaran M et al.
245 0 _aTechnical English for Engineering Students
250 _a1st
260 _c2012
_bAnuradha Age
_aKumbakonam
500 _aYES
650 _aTechnical English
_bEnglish
942 _cBK
999 _c206780
_d206780